000 00446nam a2200157Ia 4500
008 230917s9999||||xx |||||||||||||| ||und||
040 _e73269
_aMAIN
041 _aEnglish
082 _a658.409 A57H
100 _aArmstrong, Michael
245 0 _aHow to be an even better manager: A complete A-Z of proven techniques and essential skills
250 _a5th ed.
260 _aNew Delhi
_bKogan Page
_c2001
300 _ax, 353 p.
942 _cBK
999 _c113325
_d113325